000 00552nam a2200229Ia 4500
003 OSt
005 20221005124419.0
006 a|||||r|||| 00| 0
007 ta
008 221004b |||||||| |||| 00| 0 eng d
024 _a60080
037 _cTextual
040 _aCRL
_cCRL
_beng
041 _2eng
_aeng
082 _aO111,3MB, 33J8
100 _aHalkane
_9635178
245 0 _aMullubeli
260 _c1958
650 _aENGLISH LITERATURE
942 _hO111,3MB, 33J8
_cTEXL
_2cc
999 _c1050386
_d1050386